O amante de Lady Chatterley / (Record no. 320)

MARC details
000 -LÍDER
campo de controle de tamanho fixo 02865nam a22003257a 4500
001 - NÚMERO DE CONTROLE
campo de controle 320
003 - IDENTIFICADOR DO NÚMERO DE CONTROLE
campo de controle OSt
005 - DATA E HORÁRIO DA ÚLTIMA TRANSAÇÃO
campo de controle 20250528074017.0
008 - CAMPO DE DADOS FIXOS--INFORMAÇÃO GERAL
campo de controle de tamanho fixo 250326b |||||||e |||| 00| f eng d
040 ## - FONTE DA CATALOGAÇÃO
Idioma da catalogação por
041 ## - CÓDIGO DE IDIOMA
Código do idioma do original e/ou traduções intermediárias do texto eng
Código do idioma do texto/trilha sonora ou título diferente por
082 ## - CDD - CLASSIFICAÇÃO DECIMAL DE DEWEY
Número de Classificação 823
Número do exemplar L419a
100 1# - ENTRADA PRINCIPAL--NOME PESSOAL
Nome pessoal Lawrence, D. H.
Datas associadas ao nome 1885-1930
Títulos e outras palavras associadas ao nome / David Herbert Lawrence
9 (RLIN) 642
240 ## - TÍTULO UNIFORME
Título uniforme Lady Chatterley´s lover
245 ## - TÍTULO
Título O amante de Lady Chatterley /
Indicação de responsabilidade, etc. Lawrence, D. H ; Tradução de Rodrigo Richter
260 ## - PUBLICAÇÃO, DISTRIBUIÇÃO, ETC.
Local de publicação, distribuição, etc. São Paulo
Nome do editor, distribuidor, etc. Abril
Data da publicação, distribuição, etc. 1972
300 ## - DESCRIÇÃO FÍSICA
Extensão 345 p.
490 1# - TÍTULO DA SÉRIE
Título da série Os Imortais da Literatura Universal
520 ## - NOTA DE RESUMO, ETC.
Resumo, etc. Pelo papel que conferiu à paixão amorosa, às vezes em meticulosas descrições do amor físico, o britânico D. H. Lawrence causou polêmica em sua época, porém mais tarde passou a ser visto como um dos maiores renovadores da prosa de ficção no século XX. Em 1928, radicado em Florença, Lawrence publicou seu mais célebre romance, O Amante de Lady Chatterley, que conheceu sucessivas proibições e cujo texto integral só veio a público em 1959, em Nova York. A obra recria as relações entre uma aristocrática inglesa, seu marido (paralítico em consequência da guerra) e seu guarda florestal: ao mesmo tempo em que defende a liberdade sexual, ataca frontalmente as convenções sociais. O romance desenvolve o tema do conflito entre a imperiosa exigência do sexo e a serenidade do amor.<br/><br/>Poucos meses depois de seu casamento, Constance Chatterley, uma garota criada numa família burguesa e liberal, vê seu marido partir rumo à guerra. O homem que ela recebe de volta está paralisado da cintura para baixo, e eles se recolhem na vasta propriedade rural dos Chatterley. Inteiramente devotado à sua carreira literária e depois aos negócios da família, Clifford vai aos poucos se distanciando da mulher. Isolada, Constance encontra companhia no guarda-caças Oliver Mellors, um ex-soldado que resolveu viver no isolamento após sucessivos fracassos amorosos. Último romance do autor, O amante de lady Chatterley foi banido em seu lançamento, em 1928, e só ganhou sua primeira edição oficial na Inglaterra em 1960, quando a editora Penguin enfrentou um processo de obscenidade para defender o livro. Àquela altura, já não espantava mais os leitores o uso de "palavras inapropriadas" e as descrições vivas e detalhadas dos encontros sexuais de Constance Chatterley e Oliver Mellors. O que sobressaía era a força literária de Lawrence e a capacidade de capturar uma sociedade em transição.
650 #0 - ASSUNTO--TERMO TÓPICO
Cabeçalho tópico ou nome geográfico Literatura Inglesa
9 (RLIN) 89
650 #0 - ASSUNTO--TERMO TÓPICO
Cabeçalho tópico ou nome geográfico Amante
9 (RLIN) 643
650 #0 - ASSUNTO--TERMO TÓPICO
Cabeçalho tópico ou nome geográfico Amor e Paixão
9 (RLIN) 25
650 #0 - ASSUNTO--TERMO TÓPICO
Cabeçalho tópico ou nome geográfico Traição
9 (RLIN) 644
650 #0 - ASSUNTO--TERMO TÓPICO
Cabeçalho tópico ou nome geográfico Clássicos
9 (RLIN) 77
655 #0 - TERMO DE ÍNDICE--GÊNERO E FORMA
Gênero/forma/ou termo foco Romance
655 #0 - TERMO DE ÍNDICE--GÊNERO E FORMA
Gênero/forma/ou termo foco Ficção
700 ## - ENTRADA ADICIONADA - NOME PESSOAL
Nome pessoal Rodrigo Richter
Função do autor por extenso TRADUTOR
9 (RLIN) 645
830 ## - ENTRADA SECUNDÁRIA DE SÉRIE--TÍTULO UNIFORME
Título uniforme Os Imortais da Literatura Universal
9 (RLIN) 461
Número do volume ou designação sequencial da série vol. 33
942 ## - ELEMENTOS DE ENTRADA ADICIONADOS (KOHA)
Fonte de classificação ou esquema de arquivamento Classificação decimal de Dewey
Ocultar no OPAC Não
Tipo de material Koha Livros
Holdings
Situação do descarte Situação das perdas Fonte de classificação ou esquema de arquivamento Status danificado Não pode ser emprestado Coleção Biblioteca de origem Biblioteca atual Localização na estante Data de aquisição Fonte de aquisição Total de empréstimos Número de chamada completo Código de barras Data de último acesso Data do preço efetivo Tipo de material Koha
    Classificação decimal de Dewey     Ficção Biblioteca Professor Eduardo Afonso de Castro Biblioteca Professor Eduardo Afonso de Castro Literatura Estrangeira 26.03.2025 doação   823 / L419a 2025-17273 26.03.2025 26.03.2025 Livros

Powered by Koha